Curso de derecho penal : parte general /

Guardado en:
Autor Principal: López Camelo, Raúl Guillermo
Autor Corporativo: Universidad Nacional del Sur
Otros Autores: Jarque, Gabriel Dario, Promé, Marisa Gabriela (colaborador), Zaffaroni, Eugenio Raúl (prologuista)
Formato: Libro
Idioma:Spanish
Publicado: Buenos Aires : edi UNS, 2004
Materias:
Etiquetas: Agregar Etiqueta
Sin Etiquetas, Sea el primero en etiquetar este registro!
LEADER 00751nam a22001935a 4500
001 DER.der000655
008 180615s2004####ag#||||||||||||||#||spa||
005 20230829084208.0
245 1 0 |a Curso de derecho penal :  |b parte general /  |c Raúl Guillermo López Camelo , con la colaboración de Marisa Gabriela Promé, y Eugenio Raúl Zaffaroni, Gabriel Dario Jarque 
260 |a Buenos Aires :  |b edi UNS,  |c 2004 
300 |a 401 p. 
020 |a 9872138834 
100 1 |a López Camelo, Raúl Guillermo 
700 1 |a Jarque, Gabriel Dario 
700 1 |a Promé, Marisa Gabriela  |e colaborador 
700 1 |a Zaffaroni, Eugenio Raúl  |e prologuista 
710 1 |a Universidad Nacional del Sur 
653 |a Derecho Penal 
859 |a DERECHO  |b BIB. DERECHO  |h 345  |i LOP  |k 1.13  |p 000780  |t 1